00877nam a2200217 a 450000100100000000500170001000800410002704000250006808200150009310000390010824501200014726000380026730000210030550000330032650000320035950400810039170000510047204900090052395201120053299900150064400000755320200929154218.0090909s1982 dr 001 0 spa d aDO-SdBNPbspacBNPHU axxxbM971i1 aMuñoz, Guillermo Hernando92096810aIntroducción a lo médico-psicológico /cGuillermo Hernando Muñoz ; prólogo Fernando Sánchez Martínez. aSanto Domingo :bCardenal,c1982. a365 p. ;c21 cm. aIncluye índice de materias aIncluye datos biográficos aIncluye referencias bibliográficas [p. 357-360] y notas a pie de páginas1 aSánchez Martínez, Fernando,epról,97183 aBNPD 0010718PDaPDbPDcCTd2009-09-09iLF1l0oxxx M971ip7553-10r2020-06-25w2020-06-25yLFPDZNo se presta c7334d7334